The national performance review in perspective (Record no. 34284)

000 -LEADER
fixed length control field 01182pab a2200181 454500
008 - FIXED-LENGTH DATA ELEMENTS--GENERAL INFORMATION
fixed length control field 180718b1997 xxu||||| |||| 00| 0 eng d
100 ## - MAIN ENTRY--PERSONAL NAME
Personal name Pfiffner, James P.
245 ## - TITLE STATEMENT
Title The national performance review in perspective
260 ## - PUBLICATION, DISTRIBUTION, ETC.
Date of publication, distribution, etc. 1997
300 ## - PHYSICAL DESCRIPTION
Extent p.41-70
362 ## - DATES OF PUBLICATION AND/OR SEQUENTIAL DESIGNATION
Dates of publication and/or sequential designation Jan
520 ## - SUMMARY, ETC.
Summary, etc. The National Performance Review was one of the most ambitious, far-reaching and thoroughly prepared management reform efforts of the twentieth century. This article examines some of the main themes and principles of the NPR. It begins with the Clinton administration's marketing of the effort and goes on to analyze the arguments of its major scholarly critics. It then presents the more practical public management critiques of the NPR implementation. The article concludes with a comparison of the most important contributions and drawbacks of the total effort and delineates the public management dilemmas that the NPR presents to federal managers. - Reproduced
650 ## - SUBJECT ADDED ENTRY--TOPICAL TERM
Topical term or geographic name entry element Administrative reform - United States
650 ## - SUBJECT ADDED ENTRY--TOPICAL TERM
Topical term or geographic name entry element Public administration - United States
650 ## - SUBJECT ADDED ENTRY--TOPICAL TERM
Topical term or geographic name entry element Administrative reform
773 ## - HOST ITEM ENTRY
Main entry heading International Journal of Public Administration
909 ## -
-- 34284
Holdings
Withdrawn status Lost status Damaged status Not for loan Permanent Location Current Location Date acquired Serial Enumeration / chronology Barcode Date last seen Price effective from Koha item type
        Indian Institute of Public Administration Indian Institute of Public Administration 2018-07-19 Volume no: 20, Issue no: 1 AR34515 2018-07-19 2018-07-19 Articles

Powered by Koha